000 00277nam a22001217a 4500
008 180109b xxu||||| |||| 00| 0 eng d
041 _aeng
080 _a574
100 _a9
101 _aMJE
245 _aCOMPLETE LANDDESIGNER USE MANUAL
_cSIERRA
942 _2udc
_cBK
999 _c39966
_d39966